|
|
|
|
| LEADER |
00000nab a2200000 ar4500 |
| 001 |
vtls008302045 |
| 003 |
SK-MaSNL |
| 005 |
20260303075107.0 |
| 008 |
051010c2005 xo |r|p|||an |000 b|slo |
| 015 |
|
|
|a SNBRB2005/10
|
| 038 |
|
|
|a SPK
|
| 040 |
|
|
|a SPKCL
|b slo
|c AACR2
|e AACR2
|
| 041 |
0 |
|
|a slo
|b slo
|
| 044 |
|
|
|a xo
|c SK
|
| 080 |
|
|
|a 615.32
|2 UDC-MRF-SK2
|
| 080 |
|
|
|a 373.3
|2 UDC-MRF-SK2
|
| 100 |
1 |
|
|a Emmerová, Ingrid,
|d 1977-
|4 aut
|9 23145
|
| 245 |
1 |
0 |
|a Realizácia primárnej prevencie drogových závislostí v základnje škole s ohľadomna vek žiakov
|c Ingrid Emmerová
|
| 300 |
|
|
|b Grafy, tab.
|
| 504 |
|
|
|a Bibliogr. odkazy
|
| 546 |
|
|
|a Res. slov.
|
| 650 |
0 |
7 |
|a drogy
|2 spk
|9 1552
|
| 650 |
0 |
7 |
|a prevencia
|2 spk
|9 276631
|
| 650 |
0 |
7 |
|a Základná škola
|2 spk
|9 771302
|
| 773 |
0 |
|
|t Prevencia : informačný bulletin zameraný na prevenciu sociálno-patologických javov v rezorte školstva
|g Roč. IV, č. 1 (2005), s. 40-50
|x 1336-3689
|
| 852 |
|
|
|a SPK
|b KIS3GCP
|
| 999 |
|
|
|c 1774321
|d 1776251
|